| 000 | 00480nam a22001697a 4500 | ||
|---|---|---|---|
| 999 |
_c41760 _d41760 |
||
| 003 | OSt | ||
| 005 | 20221108141501.0 | ||
| 008 | 221108b ||||| |||| 00| 0 eng d | ||
| 020 | _a9789327252323 | ||
| 040 | _coclc | ||
| 082 |
_a631.53 _bSIN/P |
||
| 100 |
_98319 _aSingh, B D |
||
| 245 |
_aPlant Breeding: _bPrinciples and methods / _cB D Singh. |
||
| 260 | _bKalyani Publishers, | ||
| 300 | _a852 pages | ||
| 942 |
_2ddc _cBK _h631.53 _iSIN/P _k631.53 _mSIN/P |
||